Allen Iverson quiz - Statistics

General Stats
  • This quiz has been taken 432 times
  • The average score is 9 of 12
Answer Stats
Hint Answer % Correct
Number for 76ers 3
98%
What position is he SG/PG
95%
What year was he drafted 1996
94%
What year did he play in the olympics 2004
90%
How many kids does he have 5
86%
What medal did he win at the 2004 olympics Bronze
86%
How many nba allstars does he have 11
85%
What year was he born 1975
83%
What collage did he go to Georgetown
56%
To the thousand,How many career points did he have 24,000
48%
Where was he born Hampton,Virginia
39%
Whats his mothers name Ann Iverson
21%
No matching quizzes found
Score Distribution
Percent of People with Each Score
Percentile by Number Answered
Your Score History
You have not taken this quiz